000
00303nam a2200133Ia 4500
008
231129s1972||||xx |||||||||||||| ||spa||
040
_b
spa
082
_a
193 W436
100
_a
Weizsacker C.F. Von
245
0
_a
La importancia de la ciencia
260
_c
1972
264
_a
Labor
942
_2
ddc
_c
BKS
999
_c
17364
_d
17364